000 00754nam a22002297a 4500
999 _c20583
_d20583
003 AR-CdUCM
008 190531b ||||| |||| 00| 0 spa d
020 _a968-16-1902-1
040 _aMUNICIPALIDAD PROVINCIAL DEL CUSCO
_cBIBLIOTECA MUNICIPAL DEL CUSCO
082 _a869.1008 /
_bV718
100 _aVillanueva, Tino
_943027
245 _aChicano /
260 _aMéxico :
_bFondo de cultura económica,
_c1985.
300 _a199 páginas ;
_c22 cm.
440 _aLecturas mexicanas
_n89
_943028
505 _aContenido: La libertad enjaulada -- Los Chicanos -- Los Chicanos y la política...
650 _aLibertad
_92892
650 _aMéxico
_918
650 _aExpansión territorial
_943029
942 _2ddc
_cLIBROS
945 _adavv
_d2019-05-31